| 000 | 00918nam a2200289Ia 4500 | ||
|---|---|---|---|
| 003 | OSt | ||
| 005 | 20221005081927.0 | ||
| 006 | a|||||r|||| 00| 0 | ||
| 007 | ta | ||
| 008 | 221004b |||||||| |||| 00| 0 eng d | ||
| 020 |
_a8178291800 _c650 |
||
| 024 | _a83022 | ||
| 037 |
_b10736, 30/03/2005, Govinda Book House _cTextual |
||
| 040 |
_aCRL _cCRL _beng |
||
| 041 |
_2eng _aeng |
||
| 082 | _aY15:7:7.2, P3 | ||
| 100 |
_aRege Sharmila Ed. _9611409 |
||
| 245 | 0 |
_aSociology of gender _b The challenge of feminist sociological knowledge edited by Sharmila Rege |
|
| 260 |
_aNew Delhi _bSage Publications India _c2003 |
||
| 300 |
_a447p. _ccm. |
||
| 490 | _aThemes in Indian sociology | ||
| 650 |
_a SEX _931676 |
||
| 650 | _a SOCIOLOGY | ||
| 650 | _aWOMEN - INDIA | ||
| 942 |
_hY15:7:7.2, P3 _cTEXL _2cc |
||
| 999 |
_c988494 _d988494 |
||